La regulación provincial de los servicios públicos en Argentina (Registro nro. 1939)

Detalles MARC
000 -LEADER
fixed length control field 01028 a2200265 4500
001 - CONTROL NUMBER
control field 29683
005 - DATE AND TIME OF LATEST TRANSACTION
control field 20260407155607.0
008 - FIXED-LENGTH DATA ELEMENTS--GENERAL INFORMATION
fixed length control field 260407a2003 arg spa d
003 - CONTROL NUMBER IDENTIFIER
control field AR-UNSa-BCEJYS
040 ## - CATALOGING SOURCE
Original cataloging agency AR-UNSa-BCEJYS
Language of cataloging spa
Transcribing agency AR-UNSa-BCEJYS
080 ## - UNIVERSAL DECIMAL CLASSIFICATION NUMBER
Universal Decimal Classification number 351.824.11
Common auxiliary subdivision Servicios públicos (producción de luz, calor, energía mecánica. Industria eléctrica. Industria del gas)
020 ## - INTERNATIONAL STANDARD BOOK NUMBER
International Standard Book Number 987-1076-26-6
041 ## - LANGUAGE CODE
Language code of text/sound track or separate title spa
100 1# - MAIN ENTRY--PERSONAL NAME
Personal name Herrero, Félix
245 10 - TITLE STATEMENT
Title La regulación provincial de los servicios públicos en Argentina
264 #1 - PRODUCTION, PUBLICATION, DISTRIBUTION, MANUFACTURE, AND COPYRIGHT NOTICE
Place of production, publication, distribution, manufacture Buenos Aires :
Name of producer, publisher, distributor, manufacturer Ediciones Cooperativas
Date of production, publication, distribution, manufacture, or copyright notice 2003
300 ## - PHYSICAL DESCRIPTION
Extent 149 p.
Dimensions 20 cm.
505 ## - FORMATTED CONTENTS NOTE
Formatted contents note 1. Marco Legal - 2. Aspectos particulares
590 ## - LOCAL NOTE (RLIN)
Local note niveau_biblio:m niveau_hierar:0
700 1# - ADDED ENTRY--PERSONAL NAME
Personal name Castillo, Marcelo Fabián
700 1# - ADDED ENTRY--PERSONAL NAME
Personal name Salvarregui, Juan
700 1# - ADDED ENTRY--PERSONAL NAME
Personal name Salvioli, Pablo
856 41 - ELECTRONIC LOCATION AND ACCESS
Uniform Resource Identifier <a href="https://biblioeco.unsa.edu.ar/pmb/images/libros/La Regulaci?n Provincial de los Servicios P?blicos en Argentina-l86704.jpg">https://biblioeco.unsa.edu.ar/pmb/images/libros/La Regulaci?n Provincial de los Servicios P?blicos en Argentina-l86704.jpg</a>
Link text Imagen de portada
Electronic format type image/jpeg
942 ## - ADDED ENTRY ELEMENTS (KOHA)
Koha item type
Existencias
Withdrawn status Lost status Damaged status Not for loan Home library Current library Shelving location Date acquired Total checkouts Full call number Barcode Date last seen Price effective from Koha item type
        Biblioteca Prof. Eusebio Cleto del Rey Biblioteca Prof. Eusebio Cleto del Rey   07/04/2026   351.824.11 H564 L86704 07/04/2026 07/04/2026 Libro